000 00388nam a2200133Ia 4500
100 _aKajale/S.R/ Ingle/R.B
650 _aProceedings
942 _cBK
245 _aProceedings of International conference on advances in Machine Design and industry automation 10-12 January 2007
260 _bTata Mc Graw hill Ltd.
_c2007
300 _a599
546 _aENGLISH
_cInfo.Tech
999 _c32420
_d32420